| 000 | 00716nam a2200253Ia 4500 | ||
|---|---|---|---|
| 003 | OSt | ||
| 005 | 20221005084820.0 | ||
| 006 | a|||||r|||| 00| 0 | ||
| 007 | ta | ||
| 008 | 221004b |||||||| |||| 00| 0 eng d | ||
| 020 | _a0 521 47364 0 | ||
| 024 | _a41301 | ||
| 037 | _cTextual | ||
| 040 |
_aCRL _cCRL _beng |
||
| 041 |
_2eng _aeng |
||
| 082 | _aO111,2J64:g, N6 | ||
| 100 | _aMaguire Laurie E | ||
| 245 | 0 |
_aShakespearean suspect texts _b The bad quartos and their contexts |
|
| 260 |
_aNew York _bCambridge Univ USA _c1996 |
||
| 300 |
_axvi, 427p _ccm. |
||
| 650 | _aENGLISH LITERATURE | ||
| 942 |
_hO111,2J64:g, N6 _cTEXL _2cc |
||
| 999 |
_c993153 _d993153 |
||